000 00345nam a2200109Ia 4500
001 1272242
005 20260417151424.0
008 260417s9999 xx 000 0 und d
020 _a9786258486483
245 0 _aDevasa Deniz Hayvanlarının Büyük Kitabı & Minik Deniz Hayvanlarının Küçük Kitabı
_cCristina Banfi
260 _bKetebe Çocuk
999 _c1272242
_d1272242